Biodiversity conservation in forest ecosystems (Registro nro. 4010)

Detalles MARC
000 -CABECERA
Campo de control 00869nam a2200253 a 4500
005 - FECHA Y HORA DE LA ULTIMA TRANSACCION
Campo de control 20160909112648.0
008 - ELEMENTOS DE LONGITUD FIJA—INFORMACION GENERAL
Campo de control 140313b2002 waua gr|||| 00| 0 eng d
040 ## - FUENTE DE CATALOGACIÓN
Agencia catalogadora original CO-BoIAVH
Agencia transcriptora CO-BoIAVH
041 ## - IDIOMA
Código de idioma para texto/pista de sonido o título separado Inglés
044 ## - PAÍS DE PUBLICACIÓN
País de publicación Estados Unidos
082 ## - NUMERO DE CLASIFICACION DECIMAL DEWEY
Número de clasificación 333.7516
Número del ítem W92b
110 2# - ASIENTO PRINCIPAL--NOMBRE CORPORATIVO
Unidad subordinad World Bank
9 (RLIN) 6725
245 1# - MENCION DE TITULO
Título Biodiversity conservation in forest ecosystems
Parte restante del título World Bank assistance 1992-2002
260 ## - PUBLICACION, DISTRIBUCION, ETC. (PIE DE IMPRENTA)
Lugar de publicación, distribución, etc. Washington
Nombre del editor, distribuidor, etc. World Bank
Fecha de publicación, distribución, etc. 2002
300 ## - DESCRIPCION FISICA
Extensión 47 paginas.
Otros detalles físicos ilustraciones;
Dimensiones 28 x 21 cm
650 #4 - ASIENTO SECUNDARIO DE MATERIA - TERMINO TEMATICO
Término temático o nombre geográfico como elemento de entrada Organizaciones internacionales
9 (RLIN) 16596
650 #4 - ASIENTO SECUNDARIO DE MATERIA - TERMINO TEMATICO
Término temático o nombre geográfico como elemento de entrada Financiación de proyectos de conservación de biodiversidad
9 (RLIN) 21200
650 #4 - ASIENTO SECUNDARIO DE MATERIA - TERMINO TEMATICO
Término temático o nombre geográfico como elemento de entrada Informes de gestión - Banco Mundial
9 (RLIN) 21201
650 #4 - ASIENTO SECUNDARIO DE MATERIA - TERMINO TEMATICO
Término temático o nombre geográfico como elemento de entrada tierras forestales
9 (RLIN) 51032
650 #6 - ASIENTO SECUNDARIO DE MATERIA - TERMINO TEMATICO
Término temático o nombre geográfico como elemento de entrada uso de tierras forestales
9 (RLIN) 51034
650 #6 - ASIENTO SECUNDARIO DE MATERIA - TERMINO TEMATICO
9 (RLIN) 51033
Término temático o nombre geográfico como elemento de entrada Conservación de montes
942 ## - ELEMENTOS ADICIONALES (KOHA)
Tipo de ítem Libro
Sistema de clasificación Dewey Decimal Classification
945 ## - PROCESAMIENTO LOCAL
AAAA-MM-DD - Fecha de ingreso o modificacion 2004-08-10
Existencias
Withdrawn status Lost status Sistema de Clasificación Damaged status No para préstamo Colección Inventariado Ubicación Permanente Ubicación actual Fecha de adquisición Fuente de Valor Valor Total Checkouts Número topográfico Inventario / Código de Barras Date last seen Ejemplar Price effective from Forma de adquisición Tipo de material
    Dewey Decimal Classification     General Inventariado 2017 Bogotá Bogotá 10/08/2004 Instituto 15000.00   LB-333.7516 W92b 016376 04/12/2012 Ej. 1 04/12/2012   Libro